[Event "WORLD YOUTH CHESS CHAMPIONSHIP 2009 (14"]
[Site "?"]
[Date "2009.11.13"]
[Round "2.30"]
[White "Shabanov, Nurlan Mammad Oglu"]
[Black "Moussard, Jules"]
[Result "0-1"]
[WhiteElo "1950"]
[BlackElo "2364"]
[PlyCount "84"]
[EventDate "2009.11.12"]

1. d4 g6 2. c4 Bg7 3. Nc3 d6 4. e4 Nd7 5. f3 e5 6. Be3 exd4 7. Bxd4 Ngf6 8. Nh3
O-O 9. Be2 c6 10. O-O Ne5 11. Nf2 c5 12. Be3 Nc6 13. Qd2 Ne8 14. Nd5 Be6 15.
Bh6 Nd4 16. Bxg7 Nxg7 17. Bd3 a6 18. Ng4 Bxd5 19. exd5 f5 20. Ne3 Qf6 21. Nc2
Rae8 22. Rae1 Nxc2 23. Qxc2 Qd4+ 24. Kh1 Nh5 25. g3 Re3 26. Rxe3 Qxe3 27. Rf2
Re8 28. Kg2 Qd4 29. Re2 Rxe2+ 30. Qxe2 Ng7 31. b3 h5 32. h4 Kf7 33. f4 Qf6 34.
Kf2 Kf8 35. Ke3 Ne8 36. Qd2 Qa1 37. Qc2 Nf6 38. Qb1 Qd4+ 39. Ke2 Ng4 40. Bxf5
Ne3 41. Qe4 Nxf5 42. Qe6 Qe3+ 0-1

[Event "WORLD YOUTH CHESS CHAMPIONSHIP 2009 (14"]
[Site "?"]
[Date "2009.11.13"]
[Round "2.31"]
[White "Arat, Ufuk Sezen"]
[Black "Laurusas, Tomas"]
[Result "1-0"]
[WhiteElo "1884"]
[BlackElo "2242"]
[PlyCount "77"]
[EventDate "2009.11.12"]

1. e4 c5 2. Nf3 e6 3. d4 cxd4 4. Nxd4 a6 5. c4 Nf6 6. Nc3 Bb4 7. Bd3 Bxc3+ 8.
bxc3 d6 9. Ba3 e5 10. Nc2 Be6 11. O-O Nc6 12. Ne3 Qc7 13. Nd5 Bxd5 14. cxd5 Ne7
15. Qa4+ Qd7 16. Qb4 Nc8 17. f4 exf4 18. Rxf4 Qe7 19. Raf1 b6 20. c4 Nd7 21.
Rxf7 Qxf7 22. Rxf7 Kxf7 23. e5 dxe5 24. Qa4 b5 25. cxb5 Ndb6 26. Qg4 Ke8 27.
Qxg7 axb5 28. Bxb5+ Kd8 29. Qxh8+ Kc7 30. Qxe5+ Kd8 31. Qe8+ Kc7 32. Qc6+ Kd8
33. Bd6 Nxd6 34. Qxd6+ Kc8 35. Qc6+ Kb8 36. Qxb6+ Kc8 37. d6 Ra7 38. Qxa7 h5
39. Qc7# 1-0

[Event "WORLD YOUTH CHESS CHAMPIONSHIP 2009 (14"]
[Site "?"]
[Date "2009.11.13"]
[Round "2.32"]
[White "Gordievsky, Dmitry"]
[Black "Garnazhenko, Dmytro"]
[Result "0-1"]
[WhiteElo "2236"]
[BlackElo "1947"]
[PlyCount "134"]
[EventDate "2009.11.12"]

1. Nf3 c5 2. c4 Nc6 3. Nc3 g6 4. g3 Bg7 5. Bg2 e5 6. d3 Nge7 7. Rb1 O-O 8. a3
a5 9. O-O d6 10. Bd2 h6 11. Ne1 Be6 12. b3 Rb8 13. Nc2 f5 14. Ne3 Bf7 15. Ned5
Nxd5 16. cxd5 Ne7 17. b4 axb4 18. axb4 b6 19. b5 Ra8 20. Qb3 Qc7 21. Ra1 Qb7
22. e4 Rfc8 23. Qc4 Be8 24. Na4 Ra7 25. Bc3 Rca8 26. Rfb1 Kh7 27. Ra2 Bd7 28.
Rba1 Ng8 29. f4 fxe4 30. dxe4 Qc7 31. Rd1 Qd8 32. Raa1 Rb7 33. Qb3 Qe8 34. Rab1
Nf6 35. Qc4 Ng4 36. Re1 Nf6 37. Red1 Ng8 38. Re1 Ne7 39. Ba1 Nc8 40. h3 Ra5 41.
Nc3 Na7 42. f5 Nxb5 43. fxg6+ Kg8 44. Nxb5 Bxb5 45. Qb3 Bd7 46. Bc3 Raa7 47.
Bd2 Qxg6 48. g4 b5 49. Ra1 Qe8 50. g5 hxg5 51. Bxg5 Qg6 52. Qg3 Ra4 53. Ra3
Rba7 54. Rf3 Ra1 55. Rxa1 Rxa1+ 56. Kh2 b4 57. Bf6 Be8 58. Bxg7 Qxg7 59. Qf2
Ra3 60. Rxa3 bxa3 61. Qe3 Qa7 62. Qg5+ Kh7 63. Qh4+ Kg7 64. Qg5+ Bg6 65. Bf3 a2
66. Bh5 Qf7 67. Bxg6 Qf4+ 0-1

[Event "WORLD YOUTH CHESS CHAMPIONSHIP 2009 (14"]
[Site "?"]
[Date "2009.11.13"]
[Round "2.33"]
[White "Liodakis, Konstantinos"]
[Black "Terentjev, Vladislav"]
[Result "0-1"]
[WhiteElo "1900"]
[BlackElo "2232"]
[PlyCount "64"]
[EventDate "2009.11.12"]

1. d4 c5 2. d5 g6 3. c4 Bg7 4. e4 d6 5. Nc3 Nf6 6. f4 O-O 7. Nf3 e6 8. Be2 exd5
9. exd5 Re8 10. O-O Ng4 11. Bd3 f5 12. h3 Ne3 13. Bxe3 Rxe3 14. Qd2 Bd4 15.
Nxd4 cxd4 16. Nb5 Qb6 17. a4 a5 18. Kh1 Bd7 19. Rad1 Bxb5 20. axb5 Nd7 21. Bc2
Rae8 22. Rf2 d3 23. Bb1 Nc5 24. Rff1 Ne4 25. Qc1 Ng3+ 26. Kh2 Nxf1+ 27. Rxf1
Qd4 28. Qd2 b6 29. b3 Qe4 30. Qf2 Qd4 31. Rd1 d2 32. Bxf5 Re1 0-1

[Event "WORLD YOUTH CHESS CHAMPIONSHIP 2009 (14"]
[Site "?"]
[Date "2009.11.13"]
[Round "2.34"]
[White "Menezes, Christoph"]
[Black "Sai, Krishna G V"]
[Result "1/2-1/2"]
[WhiteElo "1856"]
[BlackElo "2225"]
[PlyCount "51"]
[EventDate "2009.11.12"]

1. d4 Nf6 2. c4 g6 3. Nc3 Bg7 4. e4 d6 5. Nf3 O-O 6. Be2 Nbd7 7. O-O e5 8. Be3
Re8 9. d5 Nh5 10. Re1 Nf4 11. Bf1 Nf6 12. c5 Ng4 13. cxd6 cxd6 14. Bxf4 exf4
15. Qb3 Ne5 16. Nd4 Qh4 17. g3 Qh6 18. Ncb5 Ng4 19. Nf3 Re5 20. Nxd6 Nxh2 21.
Nxh2 Rh5 22. Qb5 Rxh2 23. Qe8+ Bf8 24. Qxf7+ Kh8 25. Qf6+ Kg8 26. Qf7+ 1/2-1/2

[Event "WORLD YOUTH CHESS CHAMPIONSHIP 2009 (14"]
[Site "?"]
[Date "2009.11.13"]
[Round "2.35"]
[White "Karabayir, Mustafa Yilmaz"]
[Black "Idani, Pouya"]
[Result "0-1"]
[WhiteElo "1864"]
[BlackElo "2218"]
[PlyCount "54"]
[EventDate "2009.11.12"]

1. e4 c5 2. Nf3 d6 3. d4 cxd4 4. Qxd4 a6 5. c4 Nc6 6. Qd2 g6 7. Nc3 Bg7 8. b3
Nf6 9. Bb2 O-O 10. Be2 Qa5 11. Rb1 Bg4 12. O-O Rfc8 13. Rfd1 Rab8 14. a3 Nd7
15. Nd5 Qxd2 16. Rxd2 Bxb2 17. Rdxb2 Bxf3 18. Bxf3 Kf8 19. g3 e6 20. Nc3 b5 21.
Be2 Na5 22. Rd2 Ke7 23. Rd4 bxc4 24. bxc4 Rxb1+ 25. Nxb1 Rb8 26. Nd2 Nc5 27.
Kg2 Nc6 0-1

[Event "WORLD YOUTH CHESS CHAMPIONSHIP 2009 (14"]
[Site "?"]
[Date "2009.11.13"]
[Round "2.36"]
[White "Musialkiewicz, Jan"]
[Black "Yurtseven, Melih"]
[Result "1/2-1/2"]
[WhiteElo "2162"]
[BlackElo "1892"]
[PlyCount "48"]
[EventDate "2009.11.12"]

1. e4 d5 2. exd5 Qxd5 3. Nc3 Qd6 4. d4 Nf6 5. Be2 c6 6. Bf3 Nbd7 7. Nge2 e5 8.
O-O Be7 9. Re1 O-O 10. Ng3 g6 11. dxe5 Nxe5 12. Bf4 Nfd7 13. Qe2 f6 14. a3 Qd4
15. Nge4 Nxf3+ 16. Qxf3 Ne5 17. Qg3 Bf5 18. Rad1 Qb6 19. Nxf6+ Bxf6 20. Bxe5
Bxe5 21. Qxe5 Rae8 22. Qxe8 Rxe8 23. Rxe8+ Kf7 24. Re3 Qxb2 1/2-1/2

[Event "WORLD YOUTH CHESS CHAMPIONSHIP 2009 (14"]
[Site "?"]
[Date "2009.11.13"]
[Round "2.37"]
[White "Yang, Ching Wei Austin"]
[Black "Friedrich, Wiede"]
[Result "0-1"]
[WhiteElo "1725"]
[BlackElo "2114"]
[PlyCount "79"]
[EventDate "2009.11.12"]

1. e4 e5 2. Nf3 Nc6 3. Bc4 Bc5 4. c3 Nf6 5. d4 exd4 6. cxd4 Bb4+ 7. Bd2 d5 8.
Bxb4 dxc4 9. Nc3 Bg4 10. Qa4 Bd7 11. Qa3 Bg4 12. Qa4 Bxf3 13. gxf3 Nd7 14. Rd1
Qf6 15. Ke2 O-O-O 16. e5 Qf4 17. Rhe1 Nb6 18. Qa3 Nxd4+ 19. Rxd4 Qxd4 20. Kf1
Qd3+ 21. Kg1 Kb8 22. Re3 Qg6+ 23. Kf1 Rd3 24. Re1 Qh5 25. e6 fxe6 26. Bf8 Qxf3
27. Bc5 Qh1+ 28. Ke2 Qxh2 29. Qb4 Rhd8 30. Be3 Rxe3+ 31. Kxe3 Qe5+ 32. Kf3 Qxe1
33. Qe7 Rd3+ 34. Kg2 Rxc3 35. bxc3 Qxc3 36. a4 Qd2 37. a5 Qxa5 38. f4 c3 39. f5
Qxf5 40. Kh2 0-1

[Event "WORLD YOUTH CHESS CHAMPIONSHIP 2009 (14"]
[Site "?"]
[Date "2009.11.13"]
[Round "2.38"]
[White "El Jawich, Amro"]
[Black "Baglan, Esat"]
[Result "1-0"]
[WhiteElo "2112"]
[BlackElo "1762"]
[PlyCount "65"]
[EventDate "2009.11.12"]

1. e4 c5 2. c3 d5 3. exd5 Qxd5 4. d4 Nf6 5. Nf3 Bg4 6. Be2 Nc6 7. O-O e6 8. Be3
cxd4 9. cxd4 Be7 10. Nc3 Qd7 11. Rc1 O-O 12. Ne5 Nxe5 13. dxe5 Qxd1 14. Bxd1
Bxd1 15. exf6 Bxf6 16. Rfxd1 a6 17. Bd4 Bg5 18. Be3 Bf6 19. Kf1 b5 20. b3 Rac8
21. Ne4 Be7 22. Rxc8 Rxc8 23. Rc1 Rxc1+ 24. Bxc1 f5 25. Ng5 Bxg5 26. Bxg5 Kf7
27. Ke2 h6 28. Bf4 Kf6 29. Bc7 e5 30. Ke3 Ke6 31. g4 g6 32. gxf5+ gxf5 33. f4
1-0

[Event "WORLD YOUTH CHESS CHAMPIONSHIP 2009 (14"]
[Site "?"]
[Date "2009.11.13"]
[Round "2.39"]
[White "Vicente, Joao Vasco Reis"]
[Black "Kaminski, Thomas"]
[Result "0-1"]
[WhiteElo "1736"]
[BlackElo "2112"]
[PlyCount "70"]
[EventDate "2009.11.12"]

1. e4 d5 2. exd5 Qxd5 3. Nc3 Qa5 4. d4 Nf6 5. Nf3 c6 6. Be2 Bf5 7. O-O e6 8.
Bd2 Nbd7 9. a3 Qc7 10. b4 Bd6 11. h3 a6 12. Na4 O-O 13. c4 b5 14. Nb2 Qb7 15.
c5 Bc7 16. Nd3 Bxd3 17. Bxd3 Rad8 18. Qc2 h6 19. Rfe1 Nd5 20. Re4 N7f6 21. Rh4
Qb8 22. Qc1 h5 23. Kh1 e5 24. Qc2 Rfe8 25. Ng5 exd4 26. Nh7 Be5 27. Bg5 Rd7 28.
Re1 Rdd8 29. f4 Nxf4 30. Bxf4 Bxf4 31. Nxf6+ gxf6 32. Rxe8+ Rxe8 33. Kg1 Re1+
34. Kf2 Bg3+ 35. Kf3 Re3# 0-1

[Event "WORLD YOUTH CHESS CHAMPIONSHIP 2009 (14"]
[Site "?"]
[Date "2009.11.13"]
[Round "2.40"]
[White "Blazeka, Matej"]
[Black "Jung, Young Hoon"]
[Result "1-0"]
[WhiteElo "2092"]
[BlackElo "1728"]
[PlyCount "103"]
[EventDate "2009.11.12"]

1. e4 c5 2. Nf3 Nc6 3. d4 cxd4 4. Nxd4 Qb6 5. Nb3 Nf6 6. Nc3 e6 7. Be3 Qc7 8.
a3 a6 9. f4 d6 10. Be2 Be7 11. O-O O-O 12. Qe1 b5 13. g4 Re8 14. Qg3 Bb7 15. h4
b4 16. axb4 Nxb4 17. Bd3 Nxd3 18. cxd3 d5 19. e5 Nd7 20. Rfc1 Qd8 21. Na5 Qb8
22. Qf2 Bb4 23. Ra4 Bxa5 24. Rxa5 Qd8 25. b4 Rc8 26. Na2 Rxc1+ 27. Nxc1 Qe7 28.
Bc5 Nxc5 29. Rxc5 Rc8 30. Nb3 Rxc5 31. Nxc5 Bc8 32. g5 Qa7 33. Qa2 Qb6 34. Qa5
Qb5 35. Qxb5 axb5 36. Kf2 h6 37. gxh6 g6 38. Kg3 Kh7 39. Kf3 Kxh6 40. Kg4 Kh7
41. Kg5 Kg7 42. d4 Kg8 43. Kf6 Kf8 44. Nb3 Bd7 45. Nd2 Bc6 46. Nf3 Bd7 47. Ng5
Be8 48. Nh7+ Kg8 49. Ke7 Kxh7 50. Kxe8 Kh6 51. Kxf7 Kh5 52. Kxe6 1-0

[Event "WORLD YOUTH CHESS CHAMPIONSHIP 2009 (14"]
[Site "?"]
[Date "2009.11.13"]
[Round "2.41"]
[White "Skouvaklis, Alexis"]
[Black "Du Toit, Stefan"]
[Result "1-0"]
[WhiteElo "2050"]
[BlackElo "1670"]
[PlyCount "93"]
[EventDate "2009.11.12"]

1. e4 e5 2. Nf3 Nc6 3. d4 exd4 4. Nxd4 Bc5 5. Be3 Qf6 6. c3 Nge7 7. Bc4 Ne5 8.
Bb3 Qg6 9. O-O d6 10. f3 O-O 11. Qe1 c6 12. f4 Bg4 13. Qd2 Bxd4 14. cxd4 Nf3+
15. Rxf3 Bxf3 16. f5 Qg4 17. h3 Qxe4 18. Bc2 Qh4 19. Bf2 Qh5 20. gxf3 Qxh3 21.
Qg5 Nd5 22. Nd2 Rfe8 23. Be4 Nf6 24. Bg3 d5 25. Bd3 Qh5 26. Qf4 Qh6 27. Qxh6
gxh6 28. Bf4 Nh5 29. Bxh6 f6 30. Kf2 Kf7 31. Rh1 Ng7 32. Nf1 b6 33. Ng3 c5 34.
Be3 c4 35. Bc2 Kg8 36. Ne2 Re7 37. Nf4 Rd8 38. Rh6 Rd6 39. Ng2 b5 40. Bd2 Ra6
41. a3 Rc6 42. Ne3 Rd7 43. Ng4 Rf7 44. Bg5 fxg5 45. Rxc6 Nxf5 46. Bxf5 Rxf5 47.
Nh6+ 1-0

[Event "WORLD YOUTH CHESS CHAMPIONSHIP 2009 (14"]
[Site "?"]
[Date "2009.11.13"]
[Round "2.43"]
[White "Karlsson, Mikael Johann"]
[Black "Manukyan, Sargis A"]
[Result "0-1"]
[WhiteElo "1703"]
[BlackElo "1949"]
[PlyCount "138"]
[EventDate "2009.11.12"]

1. c4 Nf6 2. Nc3 d5 3. cxd5 Nxd5 4. g3 e6 5. Bg2 c5 6. Nf3 Nc6 7. O-O Be7 8. d4
cxd4 9. Nxd4 Nxd4 10. Qxd4 Bf6 11. Qa4+ Bd7 12. Qb3 Nxc3 13. bxc3 Bc6 14. Bxc6+
bxc6 15. Ba3 Be7 16. Rfd1 Qc7 17. Bxe7 Qxe7 18. Qc4 Rc8 19. Rd3 O-O 20. Rad1
Rc7 21. Rd6 Rfc8 22. Qd4 g6 23. Kg2 c5 24. Qa4 Qe8 25. Qa5 Kg7 26. R1d2 Rb7 27.
c4 Qe7 28. e3 Qc7 29. Qc3+ Kg8 30. Qf6 Rf8 31. h4 h5 32. Rd8 Rb8 33. R8d7 Qc6+
34. Qf3 Qb6 35. R2d6 Qa5 36. Qe4 Rb6 37. Rd2 Rbb8 38. Qe5 Rbd8 39. Rxd8 Rxd8
40. Rxd8+ Qxd8 41. Qe4 Qa5 42. Qc2 Qa3 43. Kf3 a5 44. Ke2 a4 45. Qd2 Kg7 46. e4
Kh7 47. e5 Kg7 48. f3 Kh7 49. Qc2 Qb4 50. g4 hxg4 51. fxg4 a3 52. h5 Qb2 53.
hxg6+ fxg6 54. Kd3 Qd4+ 55. Ke2 Qxe5+ 56. Kd1 Qd4+ 57. Kc1 Qf4+ 58. Kb1 Qxg4
59. Qh2+ Kg7 60. Qe5+ Kh6 61. Qh8+ Kg5 62. Qd8+ Kf4 63. Qd2+ Ke5 64. Qc3+ Kd6
65. Qd3+ Ke7 66. Qxa3 Qxc4 67. Qa7+ Kf6 68. Qa8 g5 69. Qf8+ Kg6 0-1

[Event "WORLD YOUTH CHESS CHAMPIONSHIP 2009 (14"]
[Site "?"]
[Date "2009.11.13"]
[Round "2.44"]
[White "Le, Minh Hoang"]
[Black "Sumer, Gun"]
[Result "1-0"]
[WhiteElo "1940"]
[BlackElo "1703"]
[PlyCount "95"]
[EventDate "2009.11.12"]

1. c4 Nf6 2. Nc3 d6 3. d4 g6 4. e4 Bg7 5. Be2 c6 6. Bg5 Qa5 7. Qd2 Nbd7 8. f4
e5 9. fxe5 dxe5 10. d5 O-O 11. Nf3 Nc5 12. Bxf6 Bxf6 13. O-O Bg7 14. Rab1 Nd7
15. b4 Qd8 16. dxc6 bxc6 17. c5 Qe7 18. Rbd1 a5 19. a3 Re8 20. Qd6 Qe6 21. Ng5
Qxd6 22. Rxd6 Bf6 23. Bc4 Bxg5 24. Bxf7+ Kf8 25. Bxg6+ Ke7 26. Bxe8 Kxe8 27.
Rxc6 axb4 28. Nb5 Ke7 29. Nd6 Be3+ 30. Kh1 Kd8 31. axb4 Ba6 32. b5 Bc8 33. Rd1
Bxc5 34. Rxc5 Nxc5 35. Nb7+ Kc7 36. Nxc5 Kb6 37. Na6 Ra7 38. Rd5 Re7 39. h3 Bb7
40. Nb4 Re6 41. Nc6 Bxc6 42. bxc6 Kxc6 43. g4 Kc7 44. Kg2 Kc6 45. Kg3 Re7 46.
g5 Re6 47. h4 h6 48. Kg4 1-0

[Event "WORLD YOUTH CHESS CHAMPIONSHIP 2009 (14"]
[Site "?"]
[Date "2009.11.13"]
[Round "2.45"]
[White "Drnovsek, Gal"]
[Black "Gomez Garcia, Jose Santos"]
[Result "1/2-1/2"]
[WhiteElo "1674"]
[BlackElo "1936"]
[PlyCount "160"]
[EventDate "2009.11.12"]

1. d4 g6 2. c4 Bg7 3. e4 c5 4. d5 d6 5. Bd3 Nf6 6. f4 O-O 7. Nf3 a6 8. Nc3 b5
9. O-O b4 10. Ne2 e6 11. Qc2 exd5 12. cxd5 Nbd7 13. Rb1 Re8 14. Ng3 Nb6 15. b3
Bg4 16. Nd2 h5 17. h3 h4 18. Nh1 Bd7 19. a4 Qc8 20. Bb2 a5 21. Rbe1 Qc7 22. Nc4
Nxc4 23. Bxc4 Rad8 24. Bd3 Qb6 25. Kh2 Bc8 26. Qc4 Qc7 27. f5 g5 28. Bc1 Nh7
29. Nf2 Be5+ 30. Kh1 f6 31. Ng4 Bc3 32. Re2 Kg7 33. Bd2 Bd4 34. Be3 Bc3 35. Bd2
Bxd2 36. Rxd2 Nf8 37. Qc1 Nd7 38. Rdf2 Ne5 39. Nxe5 Rxe5 40. Qc2 Qb6 41. Qc4
Qa7 42. Kh2 Rde8 43. Re2 Qc7 44. Rfe1 R8e7 45. Kg1 Bb7 46. Kf2 Re8 47. Qc2 Qf7
48. Re3 Qh5 49. Qe2 Qf7 50. Qc2 Ba8 51. Bc4 Qa7 52. R3e2 Bb7 53. Qd3 R8e7 54.
Re3 Kh6 55. Qe2 Bc8 56. Qf3 Ba6 57. Rc1 Bc8 58. Rce1 Bd7 59. Qe2 Bxf5 60. exf5
Rxe3 61. Qxe3 Rxe3 62. Rxe3 Qh7 63. Rf3 Kg7 64. Be2 Kh6 65. Bc4 Qd7 66. Bb5 Qf7
67. Bc4 g4 68. Rf4 gxh3 69. Rxh4+ Kg5 70. Rxh3 Kxf5 71. Rf3+ Kg6 72. Rg3+ Kh6
73. Rh3+ Kg7 74. Rg3+ Kf8 75. Re3 Qh5 76. Rf3 Ke8 77. Re3+ Kd8 78. Rf3 Qe5 79.
Re3 Qd4 80. Kf3 f5 1/2-1/2

[Event "WORLD YOUTH CHESS CHAMPIONSHIP 2009 (14"]
[Site "?"]
[Date "2009.11.13"]
[Round "2.46"]
[White "Bujnosek, Tomas"]
[Black "Mcdonald, Ian"]
[Result "1/2-1/2"]
[WhiteElo "1932"]
[BlackElo "1635"]
[PlyCount "65"]
[EventDate "2009.11.12"]

1. e4 e5 2. Nf3 Nf6 3. Nc3 Nc6 4. Bb5 d6 5. d4 exd4 6. Nxd4 Bd7 7. Bxc6 bxc6 8.
Bg5 Be7 9. O-O O-O 10. Re1 c5 11. Nb3 Ne8 12. Bxe7 Qxe7 13. Nd5 Qe5 14. f4 Qxb2
15. Re3 Be6 16. Nc3 Qa3 17. Rb1 Rb8 18. f5 Bxb3 19. axb3 Qb4 20. Nd5 Qd4 21.
Qf3 Qe5 22. Rc1 Nf6 23. Nxc7 Rbc8 24. Nb5 Rb8 25. Na3 d5 26. exd5 Qxd5 27. Qxd5
Nxd5 28. Re5 Rfd8 29. Rd1 Nf6 30. Rxd8+ Rxd8 31. h3 Rd5 32. Rxd5 Nxd5 33. Nc4
1/2-1/2

[Event "WORLD YOUTH CHESS CHAMPIONSHIP 2009 (14"]
[Site "?"]
[Date "2009.11.13"]
[Round "2.47"]
[White "Modi, Jaishil Bhadrashil"]
[Black "Verstraeten, Reinaert"]
[Result "1/2-1/2"]
[WhiteElo "1646"]
[BlackElo "1929"]
[PlyCount "137"]
[EventDate "2009.11.12"]

1. e4 c5 2. c3 d5 3. exd5 Qxd5 4. d4 Nc6 5. Nf3 Bf5 6. Bd3 Bxd3 7. Qxd3 e6 8.
O-O Nf6 9. Be3 Be7 10. Rd1 Rd8 11. Nbd2 cxd4 12. cxd4 e5 13. Qb3 exd4 14. Nc4
b5 15. Nxd4 bxc4 16. Qa4 Rc8 17. Nb5 Qe6 18. Nxa7 Rc7 19. Nb5 Rd7 20. Rxd7 Qxd7
21. Rd1 Qb7 22. Nd4 O-O 23. Nxc6 Rc8 24. Nxe7+ Qxe7 25. Bg5 h6 26. Bxf6 Qxf6
27. Qc2 Qa6 28. a4 Ra8 29. Ra1 Rb8 30. h3 Rb4 31. a5 Rb7 32. Qc3 Rb3 33. Qd4
Rd3 34. Qc5 Rb3 35. Qe5 g6 36. Rd1 Rd3 37. Rxd3 cxd3 38. Qd5 Qf6 39. Qxd3 Qxb2
40. a6 Qa1+ 41. Qf1 Qa5 42. f4 Kg7 43. Qc4 g5 44. Qd4+ Kg8 45. a7 gxf4 46. Kh2
h5 47. h4 f3 48. gxf3 Qc7+ 49. Kh3 Qc8+ 50. Kg3 Qc7+ 51. f4 Qc8 52. f5 Qc7+ 53.
Kf3 Qc8 54. Kf4 Qc1+ 55. Ke5 Qc7+ 56. Kf6 Qc6+ 57. Kg5 Kh7 58. f6 Qg2+ 59. Kf5
Qh3+ 60. Ke5 Qe6+ 61. Kf4 Qg4+ 62. Ke3 Qg1+ 63. Kd3 Qd1+ 64. Kc4 Qa4+ 65. Kd5
Qd7+ 66. Ke4 Qg4+ 67. Ke3 Qg1+ 68. Kd3 Qd1+ 69. Kc3 1/2-1/2

[Event "WORLD YOUTH CHESS CHAMPIONSHIP 2009 (14"]
[Site "?"]
[Date "2009.11.13"]
[Round "2.49"]
[White "Tairi, Krenar"]
[Black "Wong, Jianwen"]
[Result "0-1"]
[WhiteElo "1619"]
[BlackElo "1905"]
[PlyCount "91"]
[EventDate "2009.11.12"]

1. d4 d5 2. c4 e6 3. Nc3 c5 4. cxd5 exd5 5. Nf3 Nc6 6. Bf4 Nf6 7. e3 a6 8. dxc5
Bxc5 9. h3 O-O 10. Be2 Re8 11. O-O Bf5 12. Bg5 d4 13. exd4 Nxd4 14. Nxd4 Bxd4
15. Bf3 h6 16. Bxf6 Qxf6 17. Nd5 Qe5 18. Re1 Qxe1+ 19. Qxe1 Rxe1+ 20. Rxe1 Kf8
21. Ne3 Be6 22. b3 Rb8 23. Bg4 Bxg4 24. Nxg4 Re8 25. Kf1 Rxe1+ 26. Kxe1 h5 27.
Nh2 Ke7 28. Ke2 Kd6 29. f3 Ke5 30. Nf1 h4 31. Ne3 Bxe3 32. Kxe3 g5 33. Kd3 b6
34. Ke3 a5 35. a3 b5 36. a4 bxa4 37. bxa4 f6 38. Kd3 Kd5 39. Ke3 Kc4 40. Ke4
Kb4 41. Kf5 Kxa4 42. Kxf6 Kb5 43. Kxg5 a4 44. Kxh4 a3 45. f4 a2 46. f5 0-1